Países Que Mais Exportam Jogadores de Futebol - Statistics

Estatísticas Gerais
  • Esse quiz foi jogado 9 353 vezes
  • A pontuação média é 11 de 15
Estatísticas das Respostas
# Jogadores País % Correto
1289 Brasil
100%
905 Argentina
97%
458 Espanha
94%
1033 França
94%
446 Alemanha
92%
339 Portugal
91%
535 Inglaterra
85%
338 Uruguai
85%
448 Colômbia
78%
346 Países Baixos
73%
277 Bélgica
67%
407 Croácia
50%
385 Nigéria
40%
380 Sérvia
33%
318 Gana
27%
Nenhum quiz correspondente encontrado
Distribuição das Pontuações
Porcentagem de Pessoas com Cada Pontuação
Percentil de Números Respondidos
Sua Pontuação Histórica
Você não jogou esse quiz